00438nam a22000977a 4500082001700000100001900017245020700036260006200243300001100305526002400316 a388-049bMAI aUnited Nations aMain issues in transport for developing countries during the third united nations development decadebMain issues in transport for developing countries during the third united nations development decade aunited nationsbThe world Bank Washington, D.Cc1981-1990 bill. ; a0b0c0d388049_MAI